000
00275nam a22001097a 4500
999
_c
160103
_d
160103
082
_a
_b
100
_a
jayasri B
245
_a
Aadhunik hindi geethi natyom meim mithak tatwa/
_c
by jayasri B.
260
_a
Mathura:
_b
Jawahar Pustakalaya,
_c
2012.
650
_a
942
_c
BK